000
00336pam a2200157a 44500
008
230515b1964 xxu||||| |||| 00| 0 eng d
020
_a
NULL
041
_a
ENGLISH
082
_a
630
100
_a
4872-1968
245
_a
SIZES FOR PLANNING MACHINES
250
_a
0
260
_a
DELHI
_b
ISI
_c
1964
300
_a
12
650
_a
NULL
999
_c
652129
_d
652129